Every Country to win a Winter Olympic Medal: Curling - Statistics

General Stats
  • This quiz has been taken 58 times
  • The average score is 11 of 13
Answer Stats
# of Medals Country % Correct
12 Canada
100%
2 USA
96%
11 Sweden
91%
6 Great Britain
89%
1 China
84%
1 France
82%
5 Norway
82%
7 Switzerland
82%
2 Japan
80%
1 Finland
78%
1 Italy
76%
1 South Korea
73%
1 Denmark
62%
No matching quizzes found
Score Distribution
Percent of People with Each Score
Percentile by Number Answered
Your Score History
You have not taken this quiz